Ḥayāt al-Muslamīn. (Record no. 57359)

MARC details
000 -LEADER
fixed length control field 00672cam a22002411 4500
001 - CONTROL NUMBER
control field sa 64002535
003 - CONTROL NUMBER IDENTIFIER
control field DLC
005 - DATE AND TIME OF LATEST TRANSACTION
control field 20260227112010.0
008 - FIXED-LENGTH DATA ELEMENTS--GENERAL INFORMATION
fixed length control field 910401s1962 ii 000 0 urdr
010 ## - LIBRARY OF CONGRESS CONTROL NUMBER
LC control number sa 64002535
025 ## - OVERSEAS ACQUISITION NUMBER
Overseas acquisition number PL480:I-U-372
035 ## - SYSTEM CONTROL NUMBER
System control number (OCoLC)23360637
040 ## - CATALOGING SOURCE
Original cataloging agency DLC
Transcribing agency WaU
Modifying agency WaU
-- DLC
042 ## - AUTHENTICATION CODE
Authentication code premarc
050 00 - LIBRARY OF CONGRESS CALL NUMBER
Classification number BP188.2
Item number .T49
100 1# - MAIN ENTRY--PERSONAL NAME
Personal name Thānvī, Ashraf ʻAlī.
245 10 - TITLE STATEMENT
Title Ḥayāt al-Muslamīn.
Statement of responsibility, etc. taʼlīf-i Ashraf ʻAlī Thānvī.
260 ## - PUBLICATION, DISTRIBUTION, ETC.
Place of publication, distribution, etc. Dehlī,
Name of publisher, distributor, etc. ʻIlmī Kitābʹk̲h̲ānah
Date of publication, distribution, etc. [1962]
300 ## - PHYSICAL DESCRIPTION
Extent 215 p.
Dimensions 19 cm.
500 ## - GENERAL NOTE
General note In Urdu.
500 ## - GENERAL NOTE
General note Text partially vocalized.
650 #0 - SUBJECT ADDED ENTRY--TOPICAL TERM
Topical term or geographic name entry element Religious life
General subdivision Islam.

No items available.

Powered by Koha